Statistics for Westeros Castles and Strongholds

Click here to take the quiz!

General Stats

  • This quiz has been taken 129 times
    (119 since last reset)
  • The average score is 23 of 33

Answer Stats

HouseAnswer% Correct
StarkWinterfell
98%
LannisterCasterly Rock
97%
BaratheonStorm's End
93%
TyrellHigh Garden
92%
TullyRiverrun
92%
TargaryenDragonstone
91%
GreyjoyPyke
91%
FreyThe Twins
91%
MartellSunspear
89%
Night's WatchCastle Black
87%
MormontBear Island
86%
ArrynThe Eyrie
85%
KarstarkKarhold
84%
BoltonThe Dreadfort
84%
HightowerOldtown
77%
TarlyHorn Hill
75%
UmberThe Last Hearth
75%
ManderlyWhite Harbour
71%
TarthEvenfall Hall
69%
RedwyneThe Arbor
63%
ReyneCastamere
59%
DayneStarfall
59%
ReedGreywater Watch
57%
VelaryonDriftmark
53%
YronwoodYronwood
49%
MallisterSeagard
46%
RoyceRunestone
43%
BlackwoodRaventree hall
40%
CeltigarClaw Isle
38%
FarmanFaircastle
37%
BrackenStone hedge
29%
DondarionBlackhaven
28%
RowanGolden Grove
24%

Score Distribution

Percentile by Number Answered

Percent of People with Each Score

Your Score History

You have not taken this quiz since the last reset